Rozhlasové libresso Predstavujeme debutujúceho prozaika a jeho poviedku

Bibliographic Details
Format: Article
Language:Slovak
PhysicalDescription:Fot. 1.
Subjects:

MARC

LEADER 00000nab a2200000 a 4500
001 vtls000446516
003 SK-MaSNL
005 20260304013546.0
008 160215c1992 xo 0 slo
015 |a SNBRB19rr/mm-uuuuu 
035 |a CL0446647 
040 |a SNKBUCL  |b slo  |c SNKBUCL  |e AACR2 
041 0 |a slo 
044 |a xo  |c SK 
080 |a 82:7.096  |2 1981 
080 |a 7.096  |2 1981 
080 |a 885.4  |2 1981 
245 0 0 |a Rozhlasové libresso  |b Predstavujeme debutujúceho prozaika a jeho poviedku  |c hm 
300 |b Fot. 1. 
600 1 7 |a Müller, Róbert,  |d 1961-  |2 snkbucl  |9 126266 
610 2 7 |a Slovenský rozhlas  |2 snkbucl  |9 145763 
650 0 7 |a rozhlasové poviedky  |2 snkbucl  |9 925512 
655 7 |a články z novín a časopisov  |2 snkbucl  |9 267496 
655 7 |a články z odboru literárna veda a krásna literatúra  |2 snkbucl  |9 770045 
773 0 |t Rozhlas a televízia  |g Roč. 53, č. 7 (1992), s. /23/ 
850 |a Slovenská národná knižnica v Martine  |a MTA001 
852 |a SNK  |b KIS3GCP 
958 |a BX 
958 |a RK 
958 |a LX 
992 |a RBX 
999 |c 2576406  |d 2578336